| 000 | 00369nam a2200157Ia 4500 | ||
|---|---|---|---|
| 003 | OSt | ||
| 005 | 20240208114051.0 | ||
| 008 | 170524s9999 xx 000 0 und d | ||
| 020 | _a0071204121 | ||
| 040 | _cIIMT UNIVERSITY | ||
| 100 | _aGREENBERG- JEROLD | ||
| 100 | _c2011 | ||
| 245 | 0 | _aBEHAVIOUR IN ORGANIZATIONS | |
| 260 | _aHIMALAYA PUBLICATION | ||
| 942 |
_2ddc _c01 |
||
| 999 |
_c2576 _d2576 |
||